Norvege études économiques de l'OCDE 2001-2002

Na minha lista:
Detalhes bibliográficos
Formato: Livro
Idioma:francês
Publicado em: Paris OECD 2002
Colecção:Économie
Assuntos:
Tags: Adicionar Tag
Sem tags, seja o primeiro a adicionar uma tag!

MARC

LEADER 00000nam a2200000 4500
001 c140038
005 20221221092155.4
020 |a 92-64-29157-1 
022 |a 0304-3363 
041 0 |a fre 
044 |a FR 
245 1 0 |a Norvege  |b études économiques de l'OCDE 2001-2002 
264 1 |a Paris  |b OECD  |c 2002 
300 |a 168 s. 
490 1 |a Économie 
830 0 |a Économie 
610 2 0 |a situácia hospodárska 
610 2 0 |a makroekonomika 
610 2 0 |a prognózy 
610 2 0 |a výdavky verejné 
610 2 0 |a reformy 
610 2 0 |a produkcia 
610 2 0 |a rozpočty 
610 2 0 |a údaje štatistické 
610 2 0 |a svet 
610 2 0 |a Nórsko 
610 2 0 |a 2001-2002